| 000 | 00452nam a2200157 i 4500 | ||
|---|---|---|---|
| 001 | 77173 | ||
| 003 | ES-MaACL | ||
| 005 | 20230906173114.0 | ||
| 007 | t| | ||
| 008 | 041007s1969 sp ||||1| spa d | ||
| 100 | 1 |
_aGutiérrez Girardot, Rafael. _961155 |
|
| 245 | 1 | 0 |
_aPoesía y prosa en Antonio Machado / _cRafael Gutiérrez Girardot. |
| 260 |
_aMadrid : _bGuadarrama, _c[1969] |
||
| 300 |
_a241 p. ; _c18 cm. |
||
| 852 |
_aES-MaACL _jC-35862 _bR.69936 |
||
| 999 |
_c77173 _d77173 |
||